书目信息 |
| 题名: |
电路原理
|
|
| 作者: | 马世豪 编著 | |
| 分册: | ||
| 出版信息: | 北京 科学出版社 2005.1 |
|
| 页数: | 456页 | |
| 开本: | 24cm | |
| 丛书名: | 高等院校电子信息类教材 | |
| 单 册: | ||
| 中图分类: | TM13-43 | |
| 科图分类: | ||
| 主题词: | 电路理论--dian lu li lun--高等院校--教材 , 电路理论--dian lu li lun | |
| 电子资源: | ||
| ISBN: | 7-03-013423-0 | |
| 000 | 00981nam0 2200265 45 | |
| 001 | 012005000794 | |
| 005 | 20051207094243.81 | |
| 010 | @a7-03-013423-0@dCNY36.00 | |
| 100 | @a20050324d2005 em y0chiy0121 ea | |
| 101 | 0 | @achi |
| 102 | @aCN@b110000 | |
| 105 | @af z 000yy | |
| 200 | 1 | @a电路原理@Adian lu yuan li@f马世豪编著 |
| 210 | @a北京@c科学出版社@d2005.1 | |
| 215 | @a456页@c图@d24cm | |
| 225 | 2 | @a高等院校电子信息类教材@Agao deng yuan xiao dian zi xin xi lei jiao cai |
| 320 | @a有书目(第456页) | |
| 330 | @a本书共13章,前3章简要介绍静电场、稳恒磁场的基本理论和麦克斯韦电磁理论;后10章内容包括电路的基本概念、基本定理,电路的等效变换,线性电路的基本分析方法,网络定理,一阶电路与二阶电路等。 | |
| 461 | 0 | @12001 @a高等院校电子信息类教材 |
| 606 | 0 | @a电路理论@Adian lu li lun@x高等院校@j教材 |
| 606 | 0 | @a电路理论@Adian lu li lun |
| 690 | @aTM13-43@v4 | |
| 701 | 0 | @a马世豪@Ama shi hao@4编著 |
| 801 | 0 | @aCN@bSRXX@c20051207 |
| 905 | @a10447@dTM13-43@eM161 | |
| 电路原理/马世豪编著.-北京:科学出版社,2005.1 |
| 456页:图;24cm.-(高等院校电子信息类教材) |
| ISBN 7-03-013423-0:CNY36.00 |
| 本书共13章,前3章简要介绍静电场、稳恒磁场的基本理论和麦克斯韦电磁理论;后10章内容包括电路的基本概念、基本定理,电路的等效变换,线性电路的基本分析方法,网络定理,一阶电路与二阶电路等。 |
| ● |
| 相关链接 |
|
|
|
正题名:电路原理
索取号:TM13-43/M161
 
预约/预借
| 序号 | 登录号 | 条形码 | 馆藏地/架位号 | 状态 | 备注 |
| 1 | 545782 | 205457824 | 自科库301/301自科库 9排1列4层/ [索取号:TM13-43/M161] | 在馆 | |
| 2 | 545783 | 205457833 | 自科库301/404自科库 2排3列3层/ [索取号:TM13-43/M161] | 在馆 | |
| 3 | 545784 | 205457842 | 自科库301/301自科库 9排1列4层/ [索取号:TM13-43/M161] | 在馆 |